Конституция (Основной Закон) Российской Советской Федеративной Социалистической Республики

Detaylı Bibliyografya
Özet:Принята на внеочередной седьмой сессии Верховного Совета РСФСР девятого созыва 12 апреля 1978 года
В суперобложке.
Dil:Rusça
Baskı/Yayın Bilgisi: Москва, Советская Россия, 1982
Konular:
Materyal Türü: Kitap
KOHA link:https://koha.lib.tpu.ru/cgi-bin/koha/opac-detail.pl?biblionumber=226466

MARC

LEADER 00000nam0a2200000 4500
001 226466
005 20231031201146.0
010 |b 1500 экз. 
035 |a (RuTPU)RU\TPU\book\246841 
035 |a RU\TPU\book\238193 
090 |a 226466 
100 |a 20121122d1982 m y0rusy50 ca 
101 0 |a rus 
102 |a RU 
105 |a ai z 000zy 
200 1 |a Конституция (Основной Закон) Российской Советской Федеративной Социалистической Республики 
210 |a Москва  |c Советская Россия  |d 1982 
215 |a 118 с.  |c ил.  |d 10,5 см. 
300 |a Принята на внеочередной седьмой сессии Верховного Совета РСФСР девятого созыва 12 апреля 1978 года 
300 |a В суперобложке. 
610 1 |a РСФСР 
610 1 |a Конституция 
610 1 |a государство 
610 1 |a право 
610 1 |a миниатюрные издания 
686 |a Х620.11  |2 rubbk 
801 1 |a RU  |b 63413507  |c 20120615 
801 2 |a RU  |b 63413507  |c 20121122  |g RCR 
942 |c BK